000 00910cam a22003257a 4500
001 001054
003 armpunfd
005 20140612090628.0
008 011219e1975####xx#a##########000#0#und#d
040 _aarmpunfd
_carmpunfd
080 _a342.4 V 344
100 1 0 _a Vanossi, Jorge Reinaldo A.
245 1 0 _aTeoria constitucional
260 _a Buenos Aires
_b Depalma
_c1975-1976
300 _a2 v.
650 7 _a Derecho Constitucional
_2LEMB
650 7 _a Teoria Constitucional
_2LEMB
942 _cLB
_2cdu
945 _aCatalis
_d2010-08-19
945 _aCatalis
_d2010-08-19
945 _aCatalis
_d2010-08-19
945 _aCatalis
_d2010-08-19
945 _aCatalis
_d2010-08-19
945 _aCatalis
_d2010-08-19
945 _aCatalis
_d2010-08-19
945 _aCatalis
_d2010-08-19
945 _aCatalis
_d2010-08-19
945 _aCatalis
_d2010-08-19
945 _aCatalis
_d2010-08-19
999 _c1045
_d231549